Statistiken für Deutsche Rekordnationalspieler

Klicken Sie hier um das Quiz zu spielen!

Allgemein

  • Dieses Quiz wurde 494 mal gespielt
  • Das Durchschnittsergebnis liegt bei 16 aus 26

Antwortstatistiken

#Anzahl SpielePositionZeitraumSpieler% Korrekt
10104Torwartseit 2009Manuel Neuer
97%
2137Mittelstürmer2001-2014Miroslav Klose
96%
7106Offensives Mittelfeldseit 2010Thomas Müller
96%
5113Rechter Verteidiger2004-2014Philipp Lahm
95%
4121Zentrales Mittelfeld2004-2016Bastian Schweinsteiger
91%
1150Defensives Mittelfeld1980-2000Lothar Matthäus
91%
2086Torwart1995-2006Oliver Kahn
89%
12103Libero1965-1977Franz Beckenbauer
85%
3130Sturm/Mittelfeld2004-2017Lukas Podolski
82%
7106Zentrales Mittelfeld2010-2021Toni Kroos
82%
1892Offensives Mittelfeld2009-2018Mesut Özil
73%
10104Innenverteidiger2004-2014Per Mertesacker
73%
1498Zentrales Mittelfeld1999-2010Michael Ballack
71%
6108Mittelstürmer1987-1998Jürgen Klinsmann
60%
1695Torwart1966-1979Sepp Maier
59%
1990Mittelstürmer1982-1994Rudi Völler
57%
1695Mittelstürmer1976-1986Karl-Heinz Rummenigge
50%
2086Linker Verteidiger1984-1994Andreas Brehme
45%
9105Innenverteidiger1986-1998Jürgen Kohler
37%
2481Rechtes Mittelfeld1999-2008Bernd Schneider
33%
2382Innenverteidiger2002-2011Arne Friedrich
32%
1596Rechter Verteidiger1967-1978Berti Vogts
29%
13101Offensives Mittelfeld1988-2000Thomas Häßler
25%
2285Offensives Mittelfeld1988-1999Andreas Möller
20%
2481Offensives Mittelfeld1963-1971Wolfgang Overath
19%
2481Innenverteidiger1978-1986Karlheinz Förster
12%

Verteilung der Resultate

Perzentil nach korrekt beantworteten Fragen

Anzahl Personen mit jedem Resultat

Ihre Resultats-Entwicklung

Sie haben dieses Quiz noch nicht gespielt